Звичайний вигляд
Перегляд у МАРК
Входження „Corporate Name“
Кількість записів, які використовуються: 1
001 - CONTROL NUMBER
- control field: 23197
003 - CONTROL NUMBER IDENTIFIER
- control field: UA-OsUOA
005 - DATE AND TIME OF LATEST TRANSACTION
- control field: 20260212131244.0
008 - FIXED-LENGTH DATA ELEMENTS
- fixed length control field: 260212|| aca||aabn | a|a d
040 ## - CATALOGING SOURCE
- Original cataloging agency: UA-OsUOA
- Transcribing agency: UA-OsUOA
110 ## - HEADING--CORPORATE NAME
- Corporate name or jurisdiction name as entry element: Національна академія наук України
- Subordinate unit: Інститут літератури ім. Т. Г. Шевченка
- Subordinate unit: Одеський державний університет ім. І. І. Мечникова
670 ## - SOURCE DATA FOUND
- Source citation: Work cat.: (UA-OsUOA)579676: Александров О. 23195, Старокиївська агіографічна проза ХІ – першої третини ХІІІ ст., 1999